| 000 | 00598nam a22001937a 4500 | ||
|---|---|---|---|
| 005 | 20160622115616.0 | ||
| 010 | _aENG-115179 | ||
| 020 |
_a9789385288821 _c350.00 |
||
| 035 | _aEN-98711 | ||
| 037 | _bDBAD/PUB | ||
| 082 | _a915 | ||
| 100 | _aBuscher, Wolfgang | ||
| 245 |
_aAsian absences : _cby Wolfgang Buscher ; translated by Simon Pare _bsearching for Shangri-La / |
||
| 260 |
_aNew Delhi _bSpeaking Tiger _c2016 |
||
| 270 |
_a4381/4, Ansari Road, Daryaganj, _bNew Delhi _e110002 |
||
| 300 |
_a147p. _c20cm(pbk) |
||
| 700 | _aPare, Simon | ||
| 942 |
_2ddc _cEN _mBUS _h915 |
||
| 999 |
_c100146 _d100146 |
||